<?xml version="1.0" encoding="UTF-8"?>
<record
    xmlns:xsi="http://www.w3.org/2001/XMLSchema-instance"
    xsi:schemaLocation="http://www.loc.gov/MARC21/slim http://www.loc.gov/standards/marcxml/schema/MARC21slim.xsd"
    xmlns="http://www.loc.gov/MARC21/slim">

  <leader>01003nam a2200325 i 4500</leader>
  <controlfield tag="001">C2-0215610</controlfield>
  <controlfield tag="003">PPAK</controlfield>
  <controlfield tag="005">20220217121942.0</controlfield>
  <controlfield tag="008">990427t19891989my  |||e |||||  |   may d</controlfield>
  <datafield tag="020" ind1=" " ind2=" ">
    <subfield code="a">9836209905</subfield>
    <subfield code="q">paperback</subfield>
  </datafield>
  <datafield tag="040" ind1=" " ind2=" ">
    <subfield code="a">PPAK</subfield>
    <subfield code="b">eng</subfield>
    <subfield code="c">PPAK</subfield>
    <subfield code="e">rda</subfield>
  </datafield>
  <datafield tag="082" ind1="0" ind2="4">
    <subfield code="a">398.9992</subfield>
    <subfield code="2"> 23</subfield>
  </datafield>
  <datafield tag="082" ind1="0" ind2="4">
    <subfield code="a">499.23014</subfield>
    <subfield code="2">23</subfield>
  </datafield>
  <datafield tag="090" ind1="0" ind2="0">
    <subfield code="a">398.9992</subfield>
    <subfield code="b">EFF</subfield>
    <subfield code="d">KSA</subfield>
  </datafield>
  <datafield tag="090" ind1="2" ind2="0">
    <subfield code="a">499.23014</subfield>
    <subfield code="b">EFF</subfield>
    <subfield code="d">KAO</subfield>
  </datafield>
  <datafield tag="100" ind1="1" ind2=" ">
    <subfield code="a">Effendy,Tenas, </subfield>
    <subfield code="d">1936-</subfield>
    <subfield code="e">author.</subfield>
  </datafield>
  <datafield tag="245" ind1="1" ind2="0">
    <subfield code="a">Ungkapan Tradisional Melayu Riau / </subfield>
    <subfield code="c">TENAS EFFENDY </subfield>
  </datafield>
  <datafield tag="264" ind1=" " ind2="1">
    <subfield code="a">Kuala Lumpur : </subfield>
    <subfield code="b">Dewan Bahasa dan Pustaka , </subfield>
    <subfield code="c">1989</subfield>
  </datafield>
  <datafield tag="264" ind1=" " ind2="4">
    <subfield code="c">&#xA9;1989</subfield>
  </datafield>
  <datafield tag="300" ind1=" " ind2=" ">
    <subfield code="a">xvi, 268 pages ; </subfield>
    <subfield code="c">21 cm</subfield>
  </datafield>
  <datafield tag="336" ind1=" " ind2=" ">
    <subfield code="2">rdacontent</subfield>
    <subfield code="a">text</subfield>
  </datafield>
  <datafield tag="337" ind1=" " ind2=" ">
    <subfield code="2">rdamedia</subfield>
    <subfield code="a">unmediated</subfield>
  </datafield>
  <datafield tag="338" ind1=" " ind2=" ">
    <subfield code="2">rdacarrier</subfield>
    <subfield code="a">volume</subfield>
  </datafield>
  <datafield tag="650" ind1="1" ind2="0">
    <subfield code="a">Folk literature, Malay</subfield>
  </datafield>
  <datafield tag="650" ind1="2" ind2="0">
    <subfield code="a">Proverbs, Malay</subfield>
  </datafield>
  <datafield tag="650" ind1="2" ind2="0">
    <subfield code="a">Malay literature</subfield>
  </datafield>
  <datafield tag="650" ind1="2" ind2="0">
    <subfield code="a">Malay language </subfield>
    <subfield code="z">Indonesia </subfield>
    <subfield code="z">Riau </subfield>
    <subfield code="x">Etymology  </subfield>
    <subfield code="x">History</subfield>
  </datafield>
  <datafield tag="650" ind1="2" ind2="0">
    <subfield code="a">Language and culture </subfield>
    <subfield code="z">Indonesia</subfield>
    <subfield code="z">Riau  </subfield>
    <subfield code="x">History</subfield>
  </datafield>
  <datafield tag="942" ind1=" " ind2=" ">
    <subfield code="c">B</subfield>
    <subfield code="2">ddc</subfield>
  </datafield>
  <datafield tag="999" ind1=" " ind2=" ">
    <subfield code="c">159346</subfield>
    <subfield code="d">159346</subfield>
  </datafield>
  <datafield tag="952" ind1=" " ind2=" ">
    <subfield code="0">0</subfield>
    <subfield code="7">1</subfield>
    <subfield code="b">PPAK</subfield>
    <subfield code="c">KSA</subfield>
    <subfield code="d">1999-04-27</subfield>
    <subfield code="o">KSA 398.9992 EFF</subfield>
    <subfield code="p">A00201225</subfield>
    <subfield code="r">2018-06-01 00:00:00</subfield>
    <subfield code="y">B</subfield>
  </datafield>
  <datafield tag="952" ind1=" " ind2=" ">
    <subfield code="0">0</subfield>
    <subfield code="7">1</subfield>
    <subfield code="b">JT</subfield>
    <subfield code="c">KAO</subfield>
    <subfield code="d">2022-04-14</subfield>
    <subfield code="l">0</subfield>
    <subfield code="o">KAO 398.9992 EFF</subfield>
    <subfield code="p">KAO000772</subfield>
    <subfield code="r">2022-04-14 00:00:00</subfield>
    <subfield code="y">B</subfield>
  </datafield>
</record>
